<?xml version="1.0" encoding="UTF-8"?>
<record
    xmlns:xsi="http://www.w3.org/2001/XMLSchema-instance"
    xsi:schemaLocation="http://www.loc.gov/MARC21/slim http://www.loc.gov/standards/marcxml/schema/MARC21slim.xsd"
    xmlns="http://www.loc.gov/MARC21/slim">

  <leader>00819nam a2200205Ia 4500</leader>
  <controlfield tag="003">OSt</controlfield>
  <controlfield tag="005">20241217123412.0</controlfield>
  <controlfield tag="008">210210b2004   xxu||||| |||| 00| 0 eng d</controlfield>
  <datafield tag="040" ind1=" " ind2=" ">
    <subfield code="c">AL</subfield>
  </datafield>
  <datafield tag="041" ind1=" " ind2=" ">
    <subfield code="a">Konkani/Kannada</subfield>
  </datafield>
  <datafield tag="082" ind1=" " ind2=" ">
    <subfield code="a">891.468 KARD</subfield>
  </datafield>
  <datafield tag="100" ind1=" " ind2=" ">
    <subfield code="a">KARNATAKA KONKANI SAHITYA AKADAMI.</subfield>
    <subfield code="d">&#xC95;&#xCB0;&#xCCD;&#xCA8;&#xCBE;&#xC9F;&#xC95; &#xC95;&#xCCA;&#xC82;&#xC95;&#xCA3;&#xCBF; &#xCB8;&#xCBE;&#xCB9;&#xCBF;&#xCA4;&#xCCD;&#xCAF; &#xC85;&#xC95;&#xCBE;&#xCA1;&#xCC6;&#xCAE;&#xCBF;</subfield>
    <subfield code="9">191398</subfield>
  </datafield>
  <datafield tag="245" ind1=" " ind2=" ">
    <subfield code="a">Dashaman utsavache pustak: 5 Konkani rangabhumi.</subfield>
    <subfield code="b">&#xCA6;&#xCB6;&#xCAE;&#xCBE;&#xCA8;&#xCCD; &#xC89;&#xCA4;&#xCCD;&#xCB8;&#xCB5;&#xCBE;&#xC9A;&#xCC6; &#xCAA;&#xCC1;&#xCB8;&#xCCD;&#xCA4;&#xC95;&#xCCD; : 5 &#xC95;&#xCCA;&#xC82;&#xC95;&#xCA3;&#xCBF; &#xCB0;&#xC82;&#xC97;&#xCAD;&#xCC2;&#xCAE;&#xCBF;</subfield>
  </datafield>
  <datafield tag="260" ind1=" " ind2=" ">
    <subfield code="a">Manglur.</subfield>
    <subfield code="b">Karnataka Konkani Sahitya Akademy.</subfield>
    <subfield code="c">2004</subfield>
  </datafield>
  <datafield tag="300" ind1=" " ind2=" ">
    <subfield code="a">32</subfield>
  </datafield>
  <datafield tag="690" ind1=" " ind2=" ">
    <subfield code="a">Konkani Miscellaneous</subfield>
    <subfield code="9">191399</subfield>
  </datafield>
  <datafield tag="700" ind1=" " ind2=" ">
    <subfield code="a">Vasudeva Shanbhag</subfield>
    <subfield code="d">&#xCB5;&#xCBE;&#xCB8;&#xCC1;&#xCA6;&#xCC7;&#xCB5; &#xCB6;&#xCBE;&#xCA8;&#xCAD;&#xCBE;&#xC97;</subfield>
    <subfield code="9">191400</subfield>
  </datafield>
  <datafield tag="906" ind1=" " ind2=" ">
    <subfield code="a">058941</subfield>
  </datafield>
  <datafield tag="942" ind1=" " ind2=" ">
    <subfield code="2">ddc</subfield>
    <subfield code="c">BK</subfield>
  </datafield>
  <datafield tag="999" ind1=" " ind2=" ">
    <subfield code="c">106076</subfield>
    <subfield code="d">106076</subfield>
  </datafield>
  <datafield tag="952" ind1=" " ind2=" ">
    <subfield code="0">0</subfield>
    <subfield code="1">0</subfield>
    <subfield code="2">ddc</subfield>
    <subfield code="4">0</subfield>
    <subfield code="7">0</subfield>
    <subfield code="8">KON</subfield>
    <subfield code="a">AL</subfield>
    <subfield code="b">AL</subfield>
    <subfield code="d">2021-02-17</subfield>
    <subfield code="e">Karnataka konkani sahithya akademi, manglur</subfield>
    <subfield code="g">20.00</subfield>
    <subfield code="l">0</subfield>
    <subfield code="o">891.468 KARD</subfield>
    <subfield code="p">058941</subfield>
    <subfield code="r">2021-02-17 00:00:00</subfield>
    <subfield code="w">2021-02-17</subfield>
    <subfield code="y">BK</subfield>
  </datafield>
</record>
